Diseño de un laboratorio para efectuar las pruebas de ensayo necesarias en la determinación de las propiedades de resistencia y reacción ante el fuego de los materiales usados en la construcción
Kaydedildi:
| Yazar: | |
|---|---|
| Materyal Türü: | Kitap |
| Baskı/Yayın Bilgisi: |
San José, C.R.
1998
|
| Konular: | |
| Etiketler: |
Etiketle
Etiket eklenmemiş, İlk siz ekleyin!
|
MARC
| LEADER | 00000nam a2200000Ia 4500 | ||
|---|---|---|---|
| 003 | 007736 | ||
| 005 | 20221231144223.0 | ||
| 008 | 140114s1998 cr a m 000 ||s d | ||
| 040 | |c cru CEDI | ||
| 090 | |a TFG 3861 | ||
| 100 | |a Solano Díaz, Karla |9 9023 | ||
| 245 | |a Diseño de un laboratorio para efectuar las pruebas de ensayo necesarias en la determinación de las propiedades de resistencia y reacción ante el fuego de los materiales usados en la construcción | ||
| 260 | |c 1998 |a San José, C.R. | ||
| 300 | |a ix, 93 hojas : ilustraciones | ||
| 500 | |a Proyecto de graduación(licenciatura en ingeniería química)--Universidad de Costa Rica. Facultad de Ingeniería. Escuela de Ingeniería Química | ||
| 650 | |x FUEGO |x RESISTENCIA DE MATERIALES - MANUALES DE LABORATORIO |x MATERIALES DE CONSTRUCCION - PRUEBAS |9 9024 | ||
| 942 | |c TFG | ||
| 999 | |c 18637 |d 18637 | ||
